Представление документа в формате RUSMARC

ПолеНазваниеЗначение
  Тип записи a
  Библиографический уровень c
001 Контрольный номер RU/SLIB/B/208783975
005 Дата корректировки 20201206204354.0
010 Индекс ISBN __
d Цена 2-40
101 Язык документа 0_
a Язык текста rus
200 Заглавие и сведения об ответственности 1_
a Заглавие На полюс по воздуху
e Сведения, относящиеся к заглавию в 3 т.
f Первые сведения об ответственности А. Г. Лебеденко ; предисл. Г. Холопова
b Общее обозначение материала Текст
i Наименование части Первая министерская
i Наименование части Тяжелый дивизион
210 Выходные данные __
a Место издания Л.
c Издательство Худож. лит.
d Дата издания 1978
215 Физическое описание __
a Объем 631 с., 1 л. портр.
330 Аннотация __
a Аннотация Очерк "На полюс по воздуху" рассказывает об экспедиции "Амундсен-Нобиле-Эльсворт", участником который был автор. Повесть "Первая министерская", посвящена гимназическим годам писателя. Первая часть романа "Тяжелый дивизион" - о Первой Мировой войне, о распаде царской армии.
461 Уровень набора __
1 2001
a Собрание сочинений
v Т. 1
600 Персоналии __
a Персоналии (Фамилия) Лебеденко А. Г.
606 Тематические рубрики __
a Основная рубрика Художественная литература
z Хронологическая подрубрика 20 в.
y Географическая подрубрика Россия
606 Тематические рубрики __
a Основная рубрика Русская литература XX в. (произведения)
610 Ключевые слова __
a Ключевые слова проза; романы; очерки; повести; тема войны; автобиографии; персоналии
686 Индексы других классификаций __
a Классификационный индекс 84(2Рос=Рус)6-4
700 Автор _1
a Фамилия Лебеденко
b Имя А. Г.
4 Код отношения 070
702 Вторичная интеллектуальная ответственность _1
a Фамилия Холопов
b Имя Г.
4 Код отношения Автор предисловия и т.д.
4 Код отношения 080
801 Источник записи _0
a Страна RU
b Организация Муниципальное бюджетное учреждение культуры "Централизованная библиотечная система" г. Сургут (Центральная городская библиотека им. А. С. Пушкина)
g Правила каталогизации КиК/Чорнонос Е.В.
801 Источник записи _1
a Страна RU
b Организация Муниципальное бюджетное учреждение культуры "Централизованная библиотечная система" г. Сургут (Центральная городская библиотека им. А. С. Пушкина)
g Правила каталогизации КиК/Чорнонос Е.В.
852 Данные о местонахождении __
j Шифр хранения 84(2Рос=Рус)6-4
i Авторский знак Л 33
p Инвентарный номер 105210(с); 126947(с); 126805(с)
901 Тип документа __
t Тип документа x
969 Тип издания __
a Тип издания сборник
990 Данные о заказе (DOS) __
j Количество экземпляров (DOS) 1; 2
t N записи в КСУ для И/У (DOS) ретро